S2 Stationen (Karte Berliner Ortsteile) - Statistiken

Allgemein
  • Dieses Quiz wurde 24 mal gespielt
    23 seit der letzten Aktualisierung
  • Das Durchschnittsergebnis liegt bei 20 aus 28
Antworten auf der Karte
Die Antworten werden auf der Karte rot bzw. grün angezeigt, abhängig davon wie oft sie richtig erraten wurden.
 
Antwortstatistiken
Antwort % Korrekt
Blankenfelde
100%
Lichtenrade
100%
Mahlow
100%
Anhalter Bahnhof
75%
Brandenburger Tor
75%
Friedrichstraße
75%
Gesundbrunnen
75%
Humboldthain
75%
Marienfelde
75%
Nordbahnhof
75%
Potsdamer Platz
75%
Priesterweg
75%
Südkreuz
75%
Yorckstraße
75%
Attilastraße
63%
Bernau
63%
Bernau-Friedenstal
63%
Blankenburg
63%
Bonrholmer Straße
63%
Buch
63%
Buckower Chaussee
63%
Karow
63%
Oranienburger Straße
63%
Pankow
63%
Pankow-Heinersdorf
63%
Röntgental
63%
Schichauweg
63%
Zepernick
63%
Keine übereinstimmenden Quizze gefunden
Verteilung der Resultate
Anzahl Personen mit jedem Resultat
Perzentil nach korrekt beantworteten Fragen
Ihre Resultats-Entwicklung
Sie haben dieses Quiz seit der letzten Aktualisierung nicht gespielt